Statistics for Battle Brothers - write down every possible enemy

Click here to take the quiz!

General Stats

  • This quiz has been taken 3 times
  • The average score is 43 of 97

Answer Stats

Answer% Correct
Armored Wiederganger
100%
Goblin Shaman
100%
Kraken
100%
Mercenary
100%
Nachzehrer
100%
Necromancer
100%
Orc Berserker
100%
Orc Warrior
100%
Wiederganger
100%
Wiederganger Brother
100%
Alp
50%
Ancient Auxiliary
50%
Ancient Legionary
50%
Ancient Priest
50%
Arbalester
50%
Armored Unhold
50%
Barbarian Beastmaster
50%
Barbarian Chosen
50%
Barbarian Drummer
50%
Barbarian King
50%
Barbarian Madman
50%
Barbarian Reaver
50%
Barbarian Thrall
50%
Billman
50%
Blade Dancer
50%
Bog Unhold
50%
Brigand Leader
50%
Brigand Marksman
50%
Brigand Poacher
50%
Brigand Raider
50%
Brigand Thug
50%
Caravan Guard
50%
Caravan Hand
50%
Conscript
50%
Desert Stalker
50%
Direwolf
50%
Donkey
50%
Engineer
50%
Fallen Hero
50%
Footman
50%
Frenzied Direwolf
50%
Frenzied Hyena
50%
Geist
50%
Goblin Ambusher
50%
Goblin Overseer
50%
Goblin Skirmisher
50%
Goblin Wolf
50%
Goblin Wolfrider
50%
Gunner
50%
Hexe
50%
Hyena
50%
Ifrit
50%
Ijirok
50%
Knight
50%
Lindwurm
50%
Militia
50%
Militia Captain
50%
Militia Marksman
50%
Militia Veteran
50%
Necrosavant
50%
Nomad Archer
50%
Nomad Cutthroat
50%
Nomad Executioner
50%
Nomad Leader
50%
Nomad Outlaw
50%
Orc Warlord
50%
Orc Young
50%
Peasant
50%
Schrat
50%
Sergeant
50%
Serpent
50%
Swordmaster
50%
Unhold
50%
Webknecht
50%
Zweihander
50%
Ancient Honor Guard
0%
Armored Frost Unhold
0%
Assassin
0%
Bounty Hunter
0%
Cultist
0%
Fallen Betrayer
0%
Firstborn
0%
Frost Unhold
0%
Gladiator
0%
Hedge Knight
0%
Indebted
0%
Irrlicht
0%
Lost Treasure Hunter
0%
Master Archer
0%
Nomad Slinger
0%
Officer
0%
Rachegeist
0%
Sapling
0%
Spider Eggs
0%
Standard Bearer
0%
The Conqueror
0%
The Lorekeeper
0%

Score Distribution

Percentile by Number Answered

Percent of People with Each Score

Your Score History

You have not taken this quiz